Tierno Galván : (Record no. 190622)

MARC details
000 -LEADER
campo de control de longitud fija 01964nam a2200361 i 4500
001 - NÚMERO DE CONTROL
campo de control 190622
003 - IDENTIFICADOR DE NÚMERO DE CONTROL
campo de control ES-MaACL
005 - FECHA Y HORA DE LA ÚLTIMA TRANSACCIÓN
campo de control 20250927113259.0
008 - DATOS DE LONGITUD FIJA--INFORMACIÓN GENERAL
campo de control de longitud fija 220223s2019 sp a 011 0bspa
020 ## - NÚMERO INTERNACIONAL ESTÁNDAR DEL LIBRO
Número Internacional Estándar del Libro 978-84-948808-4-1
080 ## - NÚMERO DE LA CLASIFICACIÓN DECIMAL UNIVERSAL
Número de la Clasificación Decimal Universal 929 Tierno Galván, Enrique
245 00 - MENCIÓN DEL TÍTULO
Título Tierno Galván :
Resto del título el mejor alcalde de Madrid /
Mención de responsabilidad, etc. J. Nicolás Ferrando (editor) ; [participan Eduardo Huertas, José Luis Pedreira Massa, José Manuel Franco, Emilio García Horcajo, Juan Barranco ... [et al.].
250 ## - MENCION DE EDICION
Mención de edición 1ª ed.
260 ## - PUBLICACIÓN, DISTRIBUCIÓN, ETC.
Lugar de publicación, distribución, etc. Madrid :
Nombre del editor, distribuidor, etc. Asociación Académica de Estudios sobre Arte, Historia y Tradiciones de Madrid :
-- J. Nicolás Ferrando,
Fecha de publicación, distribución, etc. 2019.
300 ## - DESCRIPCIÓN FÍSICA
Extensión 159 p. :
Otras características físicas il. ;
Dimensiones 24 cm.
504 ## - NOTA DE BIBLIOGRAFÍA, ETC.
Nota de bibliografía, etc. Bibliografía: p. 150-151.
505 8# - NOTA DE CONTENIDO CON FORMATO
Nota de contenido con formato Contiene: Breve biografía de Enrique Tierno Galván . Última entrevista a Tierno Galván . Bandos publicados durante la alcaldía del profesor Tierno Galván en Madrid (1979-1986) . Bando inacabado de Tierno Galván y últimas palabras de Fernando Lázaro Carreter . Comunicado oficial de la muerte de Tierno Galván . Artículo póstumo de Tierno: La cultura como diálogo
600 14 - PUNTO DE ACCESO ADICIONAL DE MATERIA--NOMBRE DE PERSONA
Nombre de persona Tierno Galván, Enrique,
Fechas asociadas al nombre 1918-1986-
Subdivisión de forma Homenajes
9 (RLIN) 173684
700 1# - ENTRADA AGREGADA--NOMBRE PERSONAL
Nombre de persona Ferrando, J. Nicolás,
Fechas asociadas al nombre 1981-
9 (RLIN) 174198
700 1# - ENTRADA AGREGADA--NOMBRE PERSONAL
Nombre de persona Tierno Galván, Enrique,
Fechas asociadas al nombre 1918-1986
9 (RLIN) 110235
700 1# - ENTRADA AGREGADA--NOMBRE PERSONAL
Nombre de persona Huertas Vázquez, Eduardo
9 (RLIN) 64577
700 1# - ENTRADA AGREGADA--NOMBRE PERSONAL
Nombre de persona Pedreira Massa, José Luis,
Fechas asociadas al nombre 1951-
9 (RLIN) 234995
700 1# - ENTRADA AGREGADA--NOMBRE PERSONAL
Nombre de persona Franco Pardo, José Manuel,
Fechas asociadas al nombre -1957
9 (RLIN) 173976
700 1# - ENTRADA AGREGADA--NOMBRE PERSONAL
Nombre de persona García Horcajo, Emilio.
9 (RLIN) 174199
700 1# - ENTRADA AGREGADA--NOMBRE PERSONAL
Nombre de persona Barranco Gallardo, Juan Antonio,
Fechas asociadas al nombre 1947-
9 (RLIN) 174200
700 1# - ENTRADA AGREGADA--NOMBRE PERSONAL
Nombre de persona Lázaro Carreter, Fernando,
Fechas asociadas al nombre 1923-2004
9 (RLIN) 70798
740 32 - ENTRADA AGREGADA--TÍTULO RELACIONADO/ANALÍTICO NO CONTROLADO
Título relacionado o analítico no controlado La cultura como diálogo.
852 4# - LOCALIZACIÓN
Ubicación ES-MaACL
Número de control de estantería A-14885
itemnumber 197801
Sublocalización o colección R.152745
Ubicación en estantería Depósito 1
Signatura antigua Olim: N-7885
Donativo/Legado Donación: Eduardo Huertas
903 ## - NOMBRE PERSONAL DE DONANTE
a Huertas Vázquez, Eduardo
e Donante
9 64577
942 ## - ELEMENTOS DE ENTRADA SECUNDARIOS (KOHA)
Fuente del sistema de clasificación o colocación Clasificación decimal universal
Tipo de ítem Koha Libro impreso
Holdings
Estatus retirado Estado de pérdida Fuente del sistema de clasificación o colocación Estado de daño No para préstamo Biblioteca de origen Biblioteca actual Ubicación en estantería Fecha de adquisición Fuente de adquisición Total de préstamos Signatura topográfica completa Código de barras Visto por última vez Precio de reemplazo Tipo de ítem Koha
    Clasificación decimal universal     Biblioteca del Ateneo de Madrid Biblioteca del Ateneo de Madrid Depósito 1 23/02/2022 Donación   A-14885 1202841 23/02/2023 23/02/2023 Libro impreso